• 首页
  • 本馆介绍
  • 公告通知
  • 最新文献
  • 馆藏检索
  • 电子资源
  • 读者导购
  • 参考咨询
  • 我的图书馆
  • 登录
  • 详细信息显示
  • 放入我的书架
  • 预约/预借图书
  • 作者相关作品
  • 分类相关作品
  • 丛书相关作品
  • 出版社相关作品

书目信息

  • 表格格式
  • 工作单格式
  • 卡片格式
题名:
萨克斯初级教程
    
 
作者: 周世斌 编著
分册:  
出版信息: 北京   中国广播电视出版社  1999
页数: 168页
开本: 26cm
丛书名:
单 册:
中图分类: J621.2
科图分类:
主题词: 萨克斯--吹奏法 , 器乐--奏法 , 器乐--演奏
电子资源:
ISBN: 7-5043-3421-9
000 00608nam0 2200217 45
001 0304071085
005 20031219104108.8
010    @a7-5043-3421-9@dCNY16.80
100    @a20030407d1999 km y0chiy0120 ea
101 0  @achi
105    @ag z 000yy
200 1  @a萨克斯初级教程@ASa Ke Si Chu Ji Jiao Cheng@f周世斌编著@FZhou Shi Bin Bian Zhu
210    @a北京@c中国广播电视出版社@d1999
215    @a168页@d26cm
606 0  @a萨克斯@x吹奏法
606 0  @a器乐@x奏法
606 0  @a器乐@x演奏
690    @aJ621.2@v4
701  0 @a周世斌@4编著
801    @aCN@bTSTC@c20030407
905    @b322151-155@dJ621.2@e113@f5
    
    萨克斯初级教程/周世斌编著.-北京:中国广播电视出版社,1999
    168页;26cm
    
    
    ISBN 7-5043-3421-9:CNY16.80
    
●
相关链接 在E读中查询图书 在五车中查询图书 在当当中查询图书 在豆瓣中查询图书


正题名:萨克斯初级教程     索取号:J621.2/113         预约/预借

序号 登录号 条形码 馆藏地/架位号 状态 备注
1 0322151   203221511   第一借阅区/ [索取号:J621.2/113] 在馆    
2 0322152   203221520   第一借阅区/ [索取号:J621.2/113] 在馆    
3 0322153   203221539   第一借阅区/ [索取号:J621.2/113] 在馆    
4 0322154   203221548   第一借阅区/ [索取号:J621.2/113] 在馆    
5 0322155   203221557   第一样本阅览室/ [索取号:J621.2/113] 在馆    
唐山师范学院图书馆 欢迎您!
大连网信软件有限公司© 版权所有